[Event "88th GER-ch Men 2017"]
[Site "Apolda"]
[Date "2017.06.27"]
[Round "5"]
[White "Fuchs, Florian"]
[Black "Buhmann, Rainer"]
[Result "1/2-1/2"]
[WhiteElo "2335"]
[BlackElo "2588"]
[Annotator "TA"]
[PlyCount "92"]
[EventDate "2017.??.??"]
[EventType "swiss"]
[EventCountry "GER"]
[SourceTitle "playchess.com"]
[Source "ChessBase"]
[SourceQuality "1"]

{[%evp 17,92,0,0,0,0,0,0,0,0,0,8,-2,0,0,0,-6,-8,-41,-27,-18,-37,-18,34,7,9,7,22,0,0,0,0,0,0,0,0,0,0,0,0,0,0,0,0,-8,-12,-7,-6,-6,-7,-8,-8,-8,-8,-19,-19,-19,0,0,0,0,1,0,0,0,0,0,0,0,0,0,0,0,0,0,0,0,29973]} 1. e4 e6 2. d4 d5 3. Nc3 Nf6 4. e5 Nfd7 5. f4 c5 6. Nf3 Nc6 7. Be3 a6 8. Qd2 b5 9. dxc5 Bxc5 10. Bd3 {C11: French: Classical System: 4 e5 and 4 Bg5 dxe4} Qb6 11. Bf2 Bb7 (11... h6 12. a3 O-O 13. O-O Ra7 14. Rae1 b4 15. axb4 Qxb4 16. f5 exf5 17. Bxf5 Nb6 {1-0 (30) Harikrishna,P (2768)-Bluebaum,M (2641) Novi Sad 2016}) 12. O-O h6 13. a3 Bxf2+ 14. Rxf2 Nc5 15. b4 Nxd3 16. cxd3 $146 ({Predecessor:} 16. Qxd3 O-O 17. Ne2 a5 18. Rb1 axb4 19. axb4 Nxb4 20. Qd4 Qxd4 21. Nfxd4 Nc6 22. Nxb5 Ba6 23. Nbd4 {½-½ (23) Goh,W (2457)-Nguyen,V (2353) Tagaytay City 2017}) 16... a5 17. Rb1 axb4 18. axb4 O-O 19. d4 f6 (19... Ne7 $11) 20. Qd3 {With the idea exf6.} fxe5 {The position is equal.} 21. fxe5 Ba6 22. Ne2 {[%cal Bc3e2,Be2c1,Bc1b3][%mdl 32]} Bc8 {[%cal Ba6c8,Bc8d7,Bd7e8,Be8h5][%mdl 32]} 23. Nc1 Bd7 24. Qc3 $1 Be8 25. Nb3 $1 Ra3 26. Qc1 Ra7 27. Qc3 Ra3 28. Qc1 Ra7 29. Qc3 Bh5 30. Rc1 (30. Nc5 {keeps more tension.} Bxf3 31. Rbf1 Raf7 32. gxf3 Ra8 33. Kh1) 30... Ra3 31. Qxc6 Qxc6 32. Rxc6 {[#] Nc5 is the strong threat.} Rxb3 33. Rxe6 Rxb4 34. Rb6 Bxf3 35. gxf3 Rxd4 36. Rxb5 $11 {[%mdl 4096] Endgame KRR-KRR} Rd1+ 37. Kg2 d4 38. Rd5 d3 39. e6 Re8 40. Rd6 Kf8 41. Rf1 Rd2+ 42. Rf2 Rd1 (42... Ke7 $5 {[%cal Rd2f2]} 43. Rxd2 Kxd6 $11) 43. Rf1 Rxf1 44. Kxf1 Ke7 45. Rxd3 Kxe6 46. Kf2 Ke5 $2 {[%mdl 40960] Precision: White = 79%, Black = 73%. . An unexpected result.} (46... Ra8 $11) 1/2-1/2

[Event "88th GER-ch Men 2017"]
[Site "Apolda"]
[Date "2017.06.27"]
[Round "5"]
[White "Engel, Luis"]
[Black "Kalinitschew, Sergey"]
[Result "1-0"]
[WhiteElo "2319"]
[BlackElo "2426"]
[Annotator "TA"]
[PlyCount "55"]
[EventDate "2017.??.??"]
[EventType "swiss"]
[EventCountry "GER"]
[SourceTitle "playchess.com"]
[Source "ChessBase"]
[SourceQuality "1"]

{[%evp 21,55,8,68,56,79,95,148,185,172,168,179,174,227,193,222,201,285,205,272,127,174,137,175,156,526,517,520,520,487,493,880,857,1064,1040,1600,1602]} 1. e4 c5 2. Nf3 g6 3. d4 cxd4 4. Nxd4 Nc6 5. c4 Bg7 6. Nc2 d6 7. Be2 Nf6 {[%cal Bg8f6,Bf6d7,Bd7c5][%mdl 32]} 8. Nc3 O-O 9. Be3 Nd7 {B37: Sicilian: Maroczy Bind with 5...Bg7, sidelines} 10. Qd2 Nc5 (10... a5 11. O-O Nc5 12. f3 a4 13. Rab1 Qa5 14. Kh1 Be6 15. Rfc1 Rfc8 16. Na3 h5 17. Bf1 {1-0 (40) Carlsen,M (2837)-Le,Q (2693) Astana 2012}) 11. f3 a5 {LiveBook: 4 Games} (11... Qa5 $11) 12. h4 $146 ({Predecessor:} 12. b3 f5 13. exf5 Bxf5 14. O-O a4 15. b4 Bxc2 16. bxc5 Bf5 17. cxd6 Qxd6 18. Qxd6 exd6 {1-0 (74) Tari,A (2520)-Hansen,C (2621) Oslo 2015}) 12... f5 13. h5 Rf7 (13... Qe8 $142) 14. O-O-O $16 {Bxc5 is the strong threat.} Qf8 15. hxg6 hxg6 {[#]} 16. exf5 $1 gxf5 (16... Bxf5 $142 17. g4 Be6) 17. Rh4 Ne5 18. f4 Ng4 (18... Ng6 $142) 19. Bd4 {aiming for Rdh1.} e5 20. Bg1 (20. fxe5 $18 {is the precise move to win.} Bh6 {[#]} 21. Rxh6 $1 {[%mdl 512]} Qxh6 22. Qxh6 Nxh6 23. exd6) 20... Ra6 21. Ne3 Nf6 22. Ned5 Be6 $2 (22... Nfe4 $16 {is a better chance.} 23. Nxe4 Nxe4) 23. Bxc5 $18 {White is clearly winning.} dxc5 24. fxe5 Nh7 25. Bh5 Rd7 (25... Bh6 $142) 26. Bg6 Bxe5 27. Rdh1 Qg7 28. Rxh7 {Precision: White = 60%, Black = 21%.} 1-0

[Event "88th GER-ch Men 2017"]
[Site "Apolda"]
[Date "2017.06.27"]
[Round "5"]
[White "Miller, Eduard"]
[Black "Prenzler, Daniel"]
[Result "1-0"]
[WhiteElo "2319"]
[BlackElo "2210"]
[Annotator "TA"]
[PlyCount "69"]
[EventDate "2017.??.??"]
[EventType "swiss"]
[EventCountry "GER"]
[SourceTitle "playchess.com"]
[Source "ChessBase"]
[SourceQuality "1"]

{[%evp 16,68,-12,-35,-4,-3,-2,-4,-7,-2,5,4,33,34,38,38,65,65,69,71,78,77,65,69,56,69,68,29,96,94,84,42,72,31,28,43,29,13,20,0,168,168,153,154,261,214,260,248,250,127,289,306,1133,1113,29999]} 1. e4 e6 2. d3 d5 3. Nd2 Nf6 4. Ngf3 c5 5. g3 Nc6 6. Bg2 Be7 7. O-O O-O 8. Re1 Qc7 9. Qe2 b5 {C00: French: Unusual White 2nd moves} 10. a4 b4 11. exd5 exd5 {The position is equal.} 12. Nb3 h6 $146 ({Predecessor:} 12... Re8 13. Bf4 Qb6 14. a5 Qb5 15. Qd2 Be6 16. a6 Bf8 17. Ne5 Nxe5 18. Bxe5 {1-0 (43) Giri,A (2784)-Nakamura,H (2793) London 2015}) 13. Bf4 Bd6 14. Bxd6 Qxd6 15. Qe3 $36 {[%mdl 2048] White has the initiative.} d4 16. Qf4 Qxf4 17. gxf4 Be6 18. Nxc5 Bd5 19. Ne5 {[#] And now Bxd5 would win.} Rac8 20. Nb3 Rfd8 {With the idea ...Nxe5.} 21. Rac1 Kf8 (21... Nxe5 $11 22. fxe5 Bxb3) 22. Bxd5 Rxd5 23. Kg2 Nd8 24. f5 Nc6 25. Nxc6 Rxc6 26. f4 Nd7 27. Re4 Rcd6 $2 (27... Nc5 $1 $11 28. Re2 (28. Nxd4 Rc8 $15) (28. Rxd4 Nxb3 29. cxb3 Rxd4 $15) 28... Nxb3) 28. Rce1 $18 {[%csl Ge1][%cal Re4e8] [#]} Kg8 29. Kf3 Nc5 (29... a6 $16 {was worth a try.} 30. h3 Kh7) 30. Re8+ Kh7 31. R1e5 Nxa4 32. Ke4 ({White should try} 32. R8e7 $18) 32... Nb6 $2 (32... Rd8 $16) 33. Rf8 f6 $2 (33... Rd8) 34. Ree8 {[%csl Ge8][%cal Rf8h8]} a5 35. Rh8# {Precision: White = 71%, Black = 31%.} 1-0

[Event "88th GER-ch Men 2017"]
[Site "Apolda"]
[Date "2017.06.27"]
[Round "5"]
[White "Kolbus, Dietmar"]
[Black "Schmidt-Schaeffer, Sebastian"]
[Result "1-0"]
[WhiteElo "2306"]
[BlackElo "2381"]
[Annotator "TA"]
[PlyCount "81"]
[EventDate "2017.??.??"]
[EventType "swiss"]
[EventCountry "GER"]
[SourceTitle "playchess.com"]
[Source "ChessBase"]
[SourceQuality "1"]

{[%evp 25,81,40,39,45,60,35,36,12,22,-10,0,-37,-53,-64,-32,-32,0,-8,-15,-32,14,0,0,0,0,-44,-51,-51,-7,0,62,6,88,21,15,22,635,566,770,748,742,458,423,301,301,300,291,257,274,264,268,268,413,408,402,397,469,461]} 1. c4 c5 2. Nf3 Nf6 3. Nc3 e6 4. g3 b6 5. Bg2 Bb7 6. O-O Be7 7. b3 O-O 8. Bb2 d6 9. Re1 Nbd7 10. e4 a6 11. d4 cxd4 12. Nxd4 Qc7 13. Rc1 Rfe8 14. Qe2 {A30: Symmetrical English: Double Fianchetto and Hedgehog} Bf8 15. h3 Rac8 16. g4 {[#] And now g5 would win.White is slightly better.} Ne5 $146 ({Predecessor:} 16... g6 17. f4 Qb8 18. Qf2 e5 19. Nde2 d5 20. fxe5 Bc5 21. Nd4 Nxe5 22. Na4 Nxe4 23. Rxe4 dxe4 24. Nxc5 bxc5 25. Ne2 Nf3+ 26. Bxf3 exf3 27. Ng3 Rcd8 28. Bc3 Rd3 {0-1 (28) Radjabov,T (2788)-Carlsen,M (2837) Astana 2012}) 17. Qe3 (17. g5 $5 {[%cal Rg5f6]} Nfd7 18. Red1 $14) 17... Ng6 18. Na4 Nd7 19. Ne2 Qd8 20. Nac3 d5 21. cxd5 exd5 22. Ng3 Bd6 {...Bf4 is the strong threat.} 23. Rcd1 Bf4 24. Qe2 Nf6 25. Qf1 {[%cal Rc3d5]} Be5 26. Na4 {[%cal Bc3a4,Ba4b2,Bb2c4,Bc4e5,Be5f3][%mdl 32]} Bxb2 27. Nxb2 Rc2 {[#]} (27... b5 $11) 28. Nc4 $1 $14 {[%mdl 512] Strongly threatening g5.} Nf4 {[#]} (28... b5 $1 $11 29. g5 bxc4 30. gxf6 cxb3 31. axb3 Qxf6) (28... dxc4 29. Rxd8) 29. e5 ({Better is} 29. g5 $1 $16) 29... Nxg2 $11 30. Qxg2 Bc6 $2 {[%mdl 8192]} (30... dxc4 $11 31. Qxb7 Rd2 32. Rxd2 Qxd2) 31. exf6 $18 Rxe1+ 32. Rxe1 Qxf6 33. Ne5 g6 34. Qf3 Qxf3 35. Nxf3 Rxa2 36. Nd4 Bd7 37. Re7 Rd2 38. Nge2 ({Don't take} 38. Rxd7 $6 Rxd4 39. Nf1 a5 $16) 38... Be6 (38... Bb5 $142 39. Nxb5 axb5) 39. Nxe6 fxe6 40. Nf4 d4 41. Rxe6 {Precision: White = 25%, Black = 35%.} 1-0

[Event "88th GER-ch Men 2017"]
[Site "Apolda"]
[Date "2017.06.27"]
[Round "5"]
[White "Frischmann, Rick"]
[Black "Jahncke, Giso"]
[Result "1/2-1/2"]
[WhiteElo "2302"]
[BlackElo "2340"]
[Annotator "TA"]
[PlyCount "102"]
[EventDate "2017.??.??"]
[EventType "swiss"]
[EventCountry "GER"]
[SourceTitle "playchess.com"]
[Source "ChessBase"]
[SourceQuality "1"]

{[%evp 13,102,36,50,15,47,37,37,33,58,38,49,35,45,34,27,29,35,43,66,73,73,66,76,78,78,76,95,83,104,105,115,110,116,109,128,101,148,137,135,122,121,120,118,116,123,130,136,136,150,154,168,156,154,39,53,39,47,37,37,35,22,22,81,0,0,0,0,-27,2,-4,-3,-70,-32,-31,-23,-8,-8,-8,-8,-8,-8,-8,-8,-8,-15,-8,-8,-12,-12,-25,-23]} 1. e4 d5 2. exd5 Nf6 3. Bb5+ Nbd7 4. d4 Nxd5 5. Nf3 e6 (5... g6 6. Bc4 c6 7. O-O Bg7 8. Re1 O-O 9. Bb3 N7f6 10. c4 Nc7 11. h3 Be6 {1-0 (32) Delgado Ramirez,N (2609)-Matsuura,E (2486) Florianopolis 2016}) 6. O-O {B01: Scandinavian Defence} Be7 7. Re1 O-O {LiveBook: 3 Games} 8. Bf1 {White is slightly better.} c5 9. c4 N5f6 10. Nc3 a6 $146 ({Predecessor:} 10... cxd4 11. Nxd4 a6 {1-0 (42) Erdogdu,M (2373)-Filipovic,B (2420) Sibenik 2006}) 11. Bf4 cxd4 12. Nxd4 Bb4 13. Rc1 (13. Qb3 $5 {[%cal Rb3b4]} Qa5 14. Qc2 $14) 13... e5 14. Bxe5 Nxe5 15. Rxe5 Bd6 16. Re1 $36 {[%mdl 2048] White is on the roll.} Bg4 17. Be2 Bxe2 18. Rxe2 Bf4 19. Rcc2 Qd7 20. Nf3 Qxd1+ 21. Nxd1 Rac8 22. g3 Bh6 23. b3 Rfd8 24. Nb2 Kf8 25. Kg2 g6 26. Ne5 Nd7 27. Nxd7+ Rxd7 28. Na4 {aiming for Nb6.} Rc6 29. c5 Rd5 30. f4 {[%cal Bf2f4,Bf4f5][%mdl 32]} g5 31. Nb6 Rd4 {[#]} 32. f5 $1 g4 33. h3 (33. b4 $16) 33... gxh3+ $14 34. Kxh3 Bg5 35. Kg2 Bd8 36. Na4 Be7 37. Rf2 h5 {[#]} (37... a5 $11 {keeps the balance.}) 38. Rc3 (38. Rf4 $1 $16 {[%cal Rf4d4]} Rxf4 39. gxf4) 38... Kg7 $11 39. a3 a5 40. Kf3 (40. Re2 $5 {[%cal Re2e7]} Rc7 41. Rec2 $11) 40... Kf6 {And now ...b5 would win.} (40... b5 $5 {[%cal Rb5a4]} 41. cxb6 Rxc3+ 42. Nxc3 Rd3+ 43. Ke4 Rxc3 44. f6+ Bxf6 $15) 41. Rh2 Kg5 42. Ke3 (42. Rh4 $11 Rxh4 43. gxh4+ Kxh4 44. b4) 42... Rg4 43. Ke2 Bf6 44. Re3 Bd4 45. Re8 Rxg3 46. Rg8+ Kf4 47. Rxg3 Kxg3 48. Rxh5 Bxc5 49. f6 Bxa3 {Hoping for ...Bb4.} 50. Rg5+ Kf4 51. Rxa5 Rxf6 {Precision: White = 60%, Black = 59%.} 1/2-1/2

[Event "88th GER-ch Men 2017"]
[Site "Apolda"]
[Date "2017.06.27"]
[Round "5"]
[White "Buecker, Stefan"]
[Black "Tischbierek, Raj"]
[Result "0-1"]
[WhiteElo "2291"]
[BlackElo "2452"]
[Annotator "TA"]
[PlyCount "62"]
[EventDate "2017.??.??"]
[EventType "swiss"]
[EventCountry "GER"]
[SourceTitle "playchess.com"]
[Source "ChessBase"]
[SourceQuality "1"]

{[%evp 13,62,-16,-21,-24,-29,-20,-31,-74,-54,-151,-151,-153,-135,-169,-173,-173,-172,-168,-175,-172,-185,-244,-250,-227,-223,-213,-197,-352,-348,-397,-393,-373,-411,-392,-390,-546,-377,-437,-443,-522,-557,-627,-612,-711,-706,-904,-903,-874,-873,-5406,-5397]} 1. b3 g6 2. Bb2 Nf6 3. Bxf6 exf6 4. c4 d5 5. cxd5 Qxd5 6. Nc3 {A01: Nimzowitsch-Larsen Opening} (6. e3 c6 7. Nc3 Qa5 8. a3 Bg7 9. b4 Qd8 10. Bc4 a5 11. b5 c5 12. Nge2 Nd7 13. Ba2 O-O 14. O-O f5 {½-½ (14) Bauer,C (2624)-Naiditsch,A (2698) Zuerich 2015}) 6... Qa5 7. a3 c5 {LiveBook: 3 Games} ({Don't go for} 7... Bxa3 $2 8. Nb1 $18) 8. b4 $146 {The position is equal.} ({Predecessor:} 8. e3 Nc6 9. Bb5 Bg7 10. Nge2 Bd7 11. O-O O-O 12. d4 cxd4 13. exd4 {½-½ (25) Bernadskiy,V (2553)-Enchev,I (2447) Albena 2015}) 8... cxb4 9. axb4 Qxb4 10. Ra4 Qb6 11. Re4+ (11. e3 $15) 11... Be6 $17 12. e3 {[#]} f5 $1 $36 {[%cal Rf5e4][%mdl 2048] Black is on the roll.} 13. Bb5+ Nc6 14. Ra4 Bg7 {...Bxc3 is the strong threat.} 15. Nge2 O-O 16. O-O a6 17. Bxc6 (17. Qa1 $142) 17... Qxc6 $19 18. Nd4 Bxd4 19. Rxd4 Rfd8 20. Rh4 $2 {[#]} (20. Ne2) 20... b5 {[%cal Bb7b5,Bb5b4][%mdl 32]} 21. Re1 a5 22. Ne2 b4 23. Nd4 Qb7 24. Qa4 Qe7 25. g3 Bd5 {Black is clearly winning.} 26. Rf4 Qd7 27. Qa1 a4 {[%cal Ba5a4,Ba4a3][%mdl 32]} 28. Rb1 b3 29. f3 a3 30. Nxb3 Bxb3 31. Rxb3 Qxd2 {Precision: White = 21%, Black = 100%.} 0-1

[Event "88th GER-ch Men 2017"]
[Site "Apolda"]
[Date "2017.06.27"]
[Round "5"]
[White "Schulz, Karsten"]
[Black "Heimrath, Reiner"]
[Result "1-0"]
[WhiteElo "2274"]
[BlackElo "2231"]
[Annotator "TA"]
[PlyCount "63"]
[EventDate "2017.??.??"]
[EventType "swiss"]
[EventCountry "GER"]
[SourceTitle "playchess.com"]
[Source "ChessBase"]
[SourceQuality "1"]

{[%evp 23,63,59,46,58,56,57,51,54,55,60,56,29,264,264,364,364,361,347,341,361,354,357,393,387,408,369,458,378,856,434,636,635,593,547,724,649,729,722,812,795,795,788]} 1. g3 d5 2. Nf3 c5 3. Bg2 Nc6 4. d4 Nf6 5. O-O e6 6. c4 dxc4 7. Qa4 cxd4 8. Nxd4 Qxd4 9. Bxc6+ bxc6 10. Qxc6+ Qd7 {E04: Open Catalan: 5 Nf3} 11. Qxa8 Bc5 12. Nc3 O-O $1 {[#] LiveBook: 7 Games. aiming for ...Bb7.White is slightly better.} 13. Rd1 Qc7 $1 14. Qf3 $1 Bb7 15. e4 $146 ({Predecessor:} 15. Bf4 Qb6 16. e4 Nxe4 17. Nxe4 f5 18. b4 {1-0 (54) Christiansen,L (2485)-Lkhagva,J (2330) Luzern 1982}) 15... Nxe4 16. Nxe4 {And now Be3 would win.} f5 17. Bf4 (17. Be3 $5 {[%cal Re3c5]} Bxe4 18. Qe2 $14) 17... e5 $2 (17... Qb6 $1 $11) 18. Bxe5 $18 Qf7 19. Rd7 Qxd7 20. Nxc5 Bxf3 21. Nxd7 Rd8 {[#]} 22. Nb8 $1 Re8 23. Re1 Re6 24. Nd7 g5 25. Bc3 Ra6 $2 (25... Rxe1+ 26. Bxe1 g4) 26. Ne5 {White is clearly winning.} Bd5 (26... Bh5 $142 27. a3 Rd6 28. Nxc4 Rd1 29. Rxd1 Bxd1) 27. Rd1 Be6 28. a3 h5 29. f3 Kh7 30. Kf2 Rb6 31. Nd7 Rc6 32. Nf8+ {Precision: White = 71%, Black = 30%.} 1-0

[Event "88th GER-ch Men 2017"]
[Site "Apolda"]
[Date "2017.06.27"]
[Round "5"]
[White "Kersten, Uwe"]
[Black "Goepfert, Jakob"]
[Result "1/2-1/2"]
[WhiteElo "2257"]
[BlackElo "2109"]
[Annotator "TA"]
[PlyCount "99"]
[EventDate "2017.??.??"]
[EventType "swiss"]
[EventCountry "GER"]
[SourceTitle "playchess.com"]
[Source "ChessBase"]
[SourceQuality "1"]

{[%evp 9,99,20,26,15,17,14,25,8,15,17,29,7,7,6,10,4,7,0,0,0,0,0,0,0,32,35,101,97,108,105,117,121,129,128,109,117,153,147,150,90,104,102,122,127,139,124,138,137,143,144,148,148,147,130,131,129,132,124,124,124,124,124,137,145,152,120,103,117,115,115,104,105,114,114,123,52,152,144,135,79,79,55,141,145,155,110,117,97,98,100,131,59]} 1. e4 c6 2. d4 d5 3. exd5 cxd5 4. Bf4 Nf6 5. c3 Nc6 6. Nd2 {B13: Caro-Kann: Exchange Variation and Panov-Botvinnik Attack} Bf5 7. Ngf3 a6 (7... e6 8. Qb3 Qc8 9. Nh4 Be4 10. Nxe4 dxe4 11. g3 Be7 12. Ng2 Nd5 {0-1 (46) Meier,G (2630)-Karjakin,S (2783) chess.com INT 2017}) 8. Be2 {White has an edge.} e6 9. Nh4 Nh5 $146 ({Predecessor:} 9... Bg6 10. Nxg6 hxg6 11. h3 Bd6 12. Be3 Rc8 13. Bd3 {½-½ (32) Bojkovic,N (2384)-Arabidze,M (2292) Rijeka 2010}) 10. Bxh5 (10. Bg3 {keeps more tension.} Nxg3 11. hxg3 Be4 12. f3 Bd6 13. Nf1) 10... Qxh4 11. Bg3 Qd8 12. O-O $36 {[%mdl 2048] White is pushing.} Be7 13. Be2 O-O 14. Re1 b5 15. b4 a5 16. a3 Qb6 {[%cal Ra5b4]} 17. Nb3 Ra7 (17... Rfc8 $14) 18. Bf1 $1 $16 Rfa8 {[%cal Ra5b4]} 19. Qe2 $1 axb4 20. axb4 Rxa1 21. Rxa1 Rxa1 22. Nxa1 Qa6 {[#]} 23. Nb3 $1 ({Wrong is} 23. Qxb5 $2 Qxa1 24. Qa6 Qxa6 $19) 23... Na7 24. Qb2 (24. Nc5 $142 Qa1 25. Bb8) 24... f6 25. h3 Bg6 26. Nc5 Qc6 27. Qa2 Bxc5 28. bxc5 Qb7 29. Qa5 Be8 30. Qb6 Qd7 31. Be2 Nc8 32. Qb8 Ne7 33. Bg4 {White threatens Bxe6+! and mate.} Kf7 34. Bh5+ g6 35. Be2 Qc8 36. Qb6 Qd7 37. Bg4 Qc6 38. Qb8 Qc8 39. Qa7 Qd7 40. Qa5 Nc8 41. Bc7 Ne7 42. Be2 ({Better is} 42. Bf4 $16) 42... Qc6 ({Black should play} 42... b4 $14) 43. Qa7 Qd7 44. Bf1 (44. Qb6 $142) 44... Nc6 45. Qb6 Ne7 (45... b4 $1 $14) 46. g4 g5 47. f4 h6 48. fxg5 hxg5 49. Bg3 Ng6 {[#]} 50. Qb8 {Precision: White = 60%, Black = 51%.} (50. Bd3 $1 $16) 1/2-1/2

[Event "88th GER-ch Men 2017"]
[Site "Apolda"]
[Date "2017.06.27"]
[Round "5"]
[White "Tonndorf, Matthias"]
[Black "Zude, Arno"]
[Result "1-0"]
[WhiteElo "2256"]
[BlackElo "2398"]
[Annotator "TA"]
[PlyCount "83"]
[EventDate "2017.??.??"]
[EventType "swiss"]
[EventCountry "GER"]
[SourceTitle "playchess.com"]
[Source "ChessBase"]
[SourceQuality "1"]

{[%evp 14,83,7,-35,28,27,47,53,58,56,45,16,52,27,29,0,0,0,94,99,128,109,120,50,100,128,130,131,137,92,126,0,0,0,0,-34,-38,-35,-35,-82,-24,-95,-84,-78,-5,-13,-7,-38,-39,-41,0,-8,0,0,10,6,8,8,26,26,31,9,16,0,41,0,247,253,551,544,491,488]} 1. e4 e5 2. Nf3 Nc6 3. d4 exd4 4. Nxd4 Nf6 5. Nxc6 bxc6 6. e5 Qe7 7. Qe2 Nd5 8. g3 (8. c4 $5 {[%cal Rc4d5]} Ba6 9. Qe4 $15) 8... a5 {C45: Scotch Game} (8... g6 $15) (8... g6 9. c4 Ba6 10. b3 Bg7 11. Bb2 O-O 12. Bg2 Rae8 13. O-O Bxe5 14. Qxe5 Qxe5 15. Bxe5 Rxe5 16. cxd5 Bxf1 17. Kxf1 cxd5 18. Nc3 c6 19. Na4 a5 20. Nc5 Re7 21. Rd1 {½-½ (46) Tomczak,J (2595)-Stern,R (2539) Germany 2015}) 9. Bg2 $11 Ba6 10. c4 Qb4+ $146 {White is slightly better.} ({Predecessor:} 10... g6 11. b3 Bg7 12. Bb2 O-O 13. O-O a4 14. Qd2 Nb6 15. Re1 Rfe8 16. Na3 {1-0 (39) Oblitas Guerrero,C (2420)-Sarwat,W (2350) Yerevan 1996}) 11. Nd2 Bc5 12. a3 Qb6 13. O-O O-O 14. Qh5 Ne7 15. Ne4 {aiming for Nf6+!} Ng6 (15... Bxc4 $11 16. Nxc5 Qxc5) 16. e6 $1 $16 Be7 17. exd7 Bxc4 18. Re1 (18. Be3 $1 $16 {[%cal Re3b6]} Qxb2 19. Rfe1) 18... Bd5 19. Rb1 Rfd8 {[#]} 20. Bh3 $1 Nf8 21. Be3 Qb3 {[#]} 22. Nc5 (22. Bc5 $1 $16 {[%cal Rc5e7]} Bxc5 23. Nxc5) 22... Bxc5 $11 23. Bxc5 Ne6 24. Be3 Rxd7 25. Qe5 Rb8 26. f4 a4 ({Black should play} 26... h6 $17) 27. f5 (27. Qc3 $11 {keeps the balance.}) 27... f6 $17 28. Qc3 Nf8 (28... Ng5 $17 29. Bxg5 fxg5 30. Qxb3 Bxb3) 29. Qxb3 $11 Bxb3 30. Rbc1 Bd5 31. Bd4 Kf7 32. Bc3 c5 33. Bg4 Bb3 34. Bh5+ g6 $132 {[%mdl 2048] Black is not keeping still} 35. Bg4 {Black must now prevent fxg6+.} Rd5 36. Rf1 {Strongly threatening fxg6+.} Rb6 37. Ba5 Rb5 38. Bxc7 c4 {[%cal Rg6f5]} 39. Rce1 Rd7 $2 (39... gxf5 $11 {and Black is okay.} 40. Bf3 Rd2) 40. fxg6+ $18 hxg6 $2 (40... Kxg6 {was called for.} 41. Bxd7 Nxd7) 41. Bxd7 Nxd7 42. Bd6 {Precision: White = 46%, Black = 30%.} 1-0

[Event "88th GER-ch Men 2017"]
[Site "Apolda"]
[Date "2017.06.27"]
[Round "5"]
[White "Schmitt, Philipp"]
[Black "Schneider, Jana"]
[Result "0-1"]
[WhiteElo "2174"]
[BlackElo "2261"]
[Annotator "TA"]
[PlyCount "76"]
[EventDate "2017.??.??"]
[EventType "swiss"]
[EventCountry "GER"]
[SourceTitle "playchess.com"]
[Source "ChessBase"]
[SourceQuality "1"]

{[%evp 16,76,20,27,23,18,23,11,0,0,0,-40,0,-4,0,-77,0,0,20,27,26,-9,70,70,86,-11,220,191,218,-185,-176,-189,-89,-97,-77,-117,-62,-73,-12,-193,-189,-194,-187,-197,-195,-253,-249,-297,-224,-356,-183,-888,-886,-935,-927,-1535,-1533,-1531,-1518,-1990,-1956,-2626,-1466]} 1. e4 e6 2. d4 d5 3. Nc3 Nf6 4. e5 Nfd7 5. f4 c5 6. Nf3 Be7 7. Be3 Nc6 8. Qd2 O-O 9. dxc5 Nxc5 {C11: French: Classical System: 4 e5 and 4 Bg5 dxe4} 10. O-O-O a6 11. Qf2 (11. h4 Qc7 12. Bxc5 Bxc5 13. Bd3 f5 14. exf6 Rxf6 15. g3 h6 16. Qe2 Bd7 17. h5 {1-0 (55) Harikrishna,P (2762)-Shirov,A (2679) Austria 2016}) 11... b6 {The position is equal.} 12. h4 {[%cal Bh2h4,Bh4h5,Bh5h6][%mdl 32]} Qc7 13. h5 f5 14. h6 g6 15. Be2 $146 (15. Kb1 $11 {keeps the balance.}) ({Predecessor:} 15. Nd4 Nxd4 16. Bxd4 b5 17. a3 {0-1 (29) Odeeva,K (2194)-Tiemann,C (2250) ICCF email 2013}) 15... Bd7 (15... Ne4 $17 16. Qg1 Nxc3 17. bxc3 Na5) 16. Kb1 $11 Rfc8 17. Rc1 Rab8 18. Nh4 {[#]} Na5 ({Black should play} 18... d4 $1 $11 {[%mdl 512]} 19. Bxd4 Nxd4 20. Qxd4 b5) 19. g4 $1 $14 fxg4 20. f5 ({White should try} 20. Qg3 $16) 20... gxf5 $2 {[#]} (20... exf5 $11 21. Nxd5 Qxe5 22. Nxe7+ Qxe7 23. Nxg6 Qf6) 21. Bxg4 $1 $18 {[%mdl 512]} fxg4 22. Qf4 $4 {[%mdl 8192]} (22. Rcg1 $18 {is the narrow road to win.} Rf8 23. Rxg4+ Kh8 24. Qg3 Bxh4 25. Qxh4) 22... Kh8 $19 23. Qf7 {[%csl Gh6][%cal Rf7g7]} Rg8 (23... Qxe5 $19 {is more deadly.} 24. Qxe7 Nc6) 24. Qxe7 $17 {[#] White wants to mate with Qf6+.} Qd8 $1 $36 {[%cal Rd8e7][%mdl 2048] White is under strong pressure.} (24... Qxe5 $2 25. Rhf1 $19) 25. Qf7 Qf8 (25... Nc4 $17 26. Bd4 Qf8 27. Qxf8 Rbxf8 28. Nxd5 Bc6) 26. Rcf1 {Black must now prevent Ng6+.} Nc4 ({Better is} 26... Bc6 $17 {Strongly threatening ...Qxf7.} 27. Bd4 Nc4 28. Qxf8 Rbxf8 29. Rxf8 Rxf8) 27. Bc1 $2 (27. Ng6+ $1 $11 {and White stays safe.} hxg6 28. Bg5 Qxf7 29. Rxf7 Nd2+ 30. Bxd2) 27... Qxf7 $19 ({Wrong is} 27... Nxe5 $2 28. Qh5 $18) 28. Rxf7 Nxe5 29. Rf6 Rbf8 30. Bg5 (30. Rf4 $142) 30... Bc6 {Threatens to win with ...d4.} 31. Rhf1 Ned7 32. b4 (32. Rxf8 {was the only defense.} Rxf8 33. Rxf8+ Nxf8 34. Bd8) 32... Nb7 (32... Nxf6 $2 33. Bxf6+ Rxf6 34. Rxf6 $17) (32... Rxg5 $2 33. Rxf8+ Nxf8 34. Rxf8+ Rg8 35. Rxg8+ Kxg8 36. bxc5 $19) (32... Re8 $142 33. Ng6+ hxg6) 33. Be3 $2 (33. Rxf8 Rxf8 34. Rxf8+ Nxf8 35. Nd1) 33... Rxf6 {Black is clearly winning.} 34. Bd4 Rgf8 {Hoping for ...e5.} 35. a4 e5 {[%cal Be6e5,Be5d4][%mdl 32]} 36. Rxf6 Rxf6 37. b5 exd4 38. bxc6 Rxc6 {Precision: White = 40%, Black = 32%.} 0-1